000 01202naa a22003377a 4500
001 BR8005137
003 BR-BrBNA
005 20240918174647.0
007 ta
008 230509b bl.||||| |||| 00| 0 por d
040 _aBR-BrBNA
_bpor
_cBiblioteca Nacional de Agricultura
041 _a(Pt)
072 _aK10; F60
_b3103
_b3530
_bG514
090 _aK10 BR8005137
100 1 _aMalinovski, J.P.
100 1 _aStohr, G.W.D.
111 1 _a1. Encontro da IUFRO
_cCuritiba, PR (Brazil)
_d21 Oct 1979
245 1 _aInfluencia da poda radicular na qualidade de mudas de Araucaria Angustifolia (Bert.)O. Ktze. [Pinheiro-do-Parana, plantio, reflorestamento, crescimento, raiz, Brasil]
260 3 _aCuritiba, PR (Brasil):
_c1980.
500 _aProblemas Florestais do Genero Araucaria Curitiba, PR (Brasil): 1980. p. 207-216 (BR8005137-AM)K10
650 _aPINHEIRO-DO-PARANA
650 _aMUDA
650 _aPLANTIO
650 _aPODA
650 _aREFLORESTAMENTO
650 _aCRESCIMENTO
650 _aRAIZ
773 0 _tProblemas Florestais do Genero Araucaria
_wK10 BR8005137
_gCuritiba, PR (Brasil), 1980. p. 207-216
909 _a202404
_bLucia
_c55
_dLucia Elande
942 _cAM
_2AGRIS
999 _c312679
_d312679